Sports Quiz

Random Sports or Cricket Quiz

Cricket ODI Teams Quiz Stats

 Plays Quiz Updated Jan 18, 2021

     
Support Sporcle.
Go Orange.
Score 0/28 Timer 06:00
10 Plays Today
First match Team % Correct
1971England
98.4%
1974India
98.1%
1971Australia
97.9%
1973Pakistan
95.6%
1973New Zealand
94.9%
1991South Africa
92.9%
2006Ireland
92%
1973West Indies
90.8%
1975Sri Lanka
90.6%
1986Bangladesh
88.2%
1999Scotland
85.5%
1983Zimbabwe
83.2%
2004United States
79.4%
1979Canada
78.4%
First match Team % Correct
1996Netherlands
76.4%
1996Kenya
70.5%
2009Afghanistan
69.5%
2018Nepal
60.8%
1994United Arab Emirates
53%
2003Namibia
45.3%
2019Oman
42.2%
2006Bermuda
42.1%
2004Hong Kong
35.2%
2014Papua New Guinea
31.2%
1975East Africa
22.7%
2005ICC World XI
14.1%
2005Africa XI
12.3%
2005Asia XI
12%

From the Vault

Celebrities Born at Easter Time

by Bayard

If your birthday is on Easter, does that mean all your presents get hidden around some random park?
Remove Ads.
Support Sporcle.
Get the best of Sporcle when you Go Orange. This ad-free experience offers more features, more stats, and more fun while also helping to support Sporcle. Thank you for becoming a member.

Show Comments

Extras

Top Quizzes Today


Score Distribution

Your Account Isn't Verified!

In order to create a playlist on Sporcle, you need to verify the email address you used during registration. Go to your Sporcle Settings to finish the process.

Report this User

Report this user for behavior that violates our Community Guidelines.

Details: